[Event "Chubut Province-ch"]
[Site "Comodoro Rivadavia"]
[Date "2017.11.17"]
[Round "1.3"]
[White "Krenek, Gustavo Luis"]
[Black "Hernandez, Horacio"]
[Result "0-1"]
[WhiteElo "1949"]
[BlackElo "2125"]
[PlyCount "78"]
[EventDate "2017.11.17"]
[EventType "swiss"]
[EventRounds "7"]
[EventCountry "ARG"]
[SourceTitle "EXT 2024"]
[Source "ChessBase"]
[SourceDate "2023.10.10"]
[SourceVersion "1"]
[SourceVersionDate "2023.10.10"]
[SourceQuality "1"]

1. d4 f5 2. g3 d5 3. Bg2 e6 4. c4 c6 5. Nf3 Nd7 6. 0-0 Bd6 7. b3 Qe7 8. Bb2 Nh6 9. Nbd2 Nf7 10. e3 g5 11. Ne5 Ndxe5 12. dxe5 Bxe5 13. Bxe5 Nxe5 14. Qh5+ Nf7 15. Rad1 0-0 16. Kh1 b5 17. f3 bxc4 18. bxc4 Ba6 19. Rfe1 dxc4 20. e4 Qf6 21. exf5 exf5 22. f4 Rad8 23. fxg5 Nxg5 24. h4 Nf7 25. Nf1 Ne5 26. Ne3 Rd3 27. g4 fxg4 28. Nxg4 Nxg4 29. Qxg4+ Kh8 30. Rf1 Rxd1 31. Qxd1 Qxh4+ 32. Kg1 Rxf1+ 33. Bxf1 Qg5+ 34. Kf2 Qf6+ 35. Ke3 Qe5+ 36. Kf2 Qf6+ 37. Ke3 c5 38. Be2 Qc3+ 39. Ke4 Bb7+ 0-1